Gaming Quiz

Random Gaming or Clickable Quiz

ClashOfClansQuiz Stats

 Plays Quiz not verified by Sporcle

Challenge
Share
Tweet
Embed
Score 0/7 Timer 01:00
0 Plays Today
% Correct
Wall breaker
94.3%
Healer
91.4%
P.E.K.K.A.
91.4%
Barbarian king
91.4%
Archer Queen
88.6%
Witch
68.6%
Golem
62.9%

You're not logged in!

Compare scores with friends on all Sporcle quizzes.
Join for Free
OR
Log In

You Might Also Like...

Show Comments

Extras

Created Mar 13, 2015ReportFavoriteNominate
Tags:Clickable Quiz

Top Quizzes Today


Score Distribution

Your Account Isn't Verified!

In order to create a playlist on Sporcle, you need to verify the email address you used during registration. Go to your Sporcle Settings to finish the process.

Report this User

Report this user for behavior that violates our Community Guidelines.

Details: